| Поле | Инд. | ПП | Название | Значение |
|---|---|---|---|---|
| Тип записи | a | |||
| Библиографический уровень | m | |||
| 001 | Контрольный номер | RU/IS/BASE/619716766 | ||
| 005 | Дата корректировки | 20231102110054.8 | ||
| 020 | c | Цена, тираж | 100-00 | |
| 040 | b | Код языка каталог. | rus | |
| e | Правила каталог. | PSBO | ||
| 041 | 0_ | a | Код языка текста | rus |
| 084 | a | Индекс другой классификации/Индекс ББК | 82 | |
| 090 | a | Полочн. индекс | 82 | |
| c | Каталожный индекс | 82 | ||
| x | Авторский знак | В 84 | ||
| 091 | i | Возрастная адресация (DOS) | 12+ | |
| 097 | b | Оператор | ; Кондратьева; Маслова; Попеленкова | |
| 245 | 10 | a | Заглавие | Все о богах и героях Древней Греции |
| b | Продолж. заглавия | [12+] | ||
| 260 | a | Место издания | Вильнюс ; Санкт-Петербург | |
| b | Издательство | Bestiary : СЗКЭО | ||
| c | Дата издания | 2014 | ||
| 300 | a | Объем | 160 с. | |
| b | Иллюстрации/ тип воспроизводства | ил. | ||
| 653 | 0_ | a | Ключевые слова | боги Древняя Греция; герои Древней Греции |
| 900 | a | Имя макрообъекта | 1548846 | |
| 901 | t | Тип документа | m |